Recherches sur la deviation de la IVe croisade vers Constantinople /

محفوظ في:

المؤلف الرئيسي: Frolow, A. (مؤلف)

التنسيق: كتاب

اللغة: French

منشور في: Paris : Presses universitaires de France, 1955.

الموضوعات:

الوسوم: إضافة وسم

لا توجد وسوم, كن أول من يضع وسما على هذه التسجيلة!

رقم الطلب: D164 .F75 1955

LEADER 00787namaa2200253 4500
001 6835
003 OSt
005 20251130122339.0
008 130303s1955 fr b 000 0 fre d
035 |a ocm01224279 
040 |c ARCE Library 
043 |a a-tu---  |a mm-----  
050 4 |a D164 .F75 1955 
100 1 |a Frolow, A.,   |q (Anatole),   |e author  |9 30331 
245 1 0 |a Recherches sur la deviation de la IVe croisade vers Constantinople /  |c A. Frolow. 
264 1 |a Paris :  |b Presses universitaires de France,  |c 1955. 
300 |a 83 pages ;  |c 26 cm. 
504 |a Bibliographical footnotes. 
650 0 |a Crusades  |y Fourth, 1202-1204. 
651 0 |a Istanbul (Turkey)  |x History  |y Siege, 1203-1204. 
651 0 |a Byzantine Empire  |x History. 
901 |a reviewed 
942 |c BK  |2 lcc 
999 |c 4481  |d 4481